[Event "SVK-chT1W 2223"]
[Site "Slovakia"]
[Date "2022.10.16"]
[Round "2.7"]
[White "Prochazka, Jaromir"]
[Black "Berek, Geza"]
[Result "0-1"]
[WhiteElo "1856"]
[BlackElo "2173"]
[PlyCount "98"]
[EventDate "2022.10.15"]
[EventType "team-tourn"]
[EventRounds "11"]
[EventCountry "SVK"]
[SourceTitle "EXT 2024"]
[Source "ChessBase"]
[SourceDate "2023.10.10"]
[SourceVersion "1"]
[SourceVersionDate "2023.10.10"]
[SourceQuality "1"]
[WhiteTeam "Bratislava Lokomotiva"]
[BlackTeam "Levice"]
[WhiteTeamCountry "SVK"]
[BlackTeamCountry "SVK"]

1. d4 g6 2. c4 Nf6 3. Nf3 Bg7 4. Nc3 d6 5. e4 0-0 6. Be2 e5 7. dxe5 dxe5 8. Bg5 Nbd7 9. Qc2 c6 10. 0-0 h6 11. Bxf6 Qxf6 12. b4 b6 13. Rad1 Rd8 14. Rd2 Bb7 15. Rfd1 Nf8 16. Rxd8 Rxd8 17. Rxd8 Qxd8 18. Qd3 Qxd3 19. Bxd3 Ne6 20. Kf1 Kf8 21. g3 Ke7 22. Na4 Kd6 23. Nd2 Nd4 24. Nb3 Nxb3 25. axb3 Bc8 26. c5+ Kc7 27. Ke2 Bf8 28. Kd2 b5 29. Nc3 a5 30. bxa5 Bxc5 31. Ke2 Bb4 32. Nd1 Bxa5 33. Ne3 Be6 34. Bc2 Kd6 35. f4 Bd7 36. f5 Bd8 37. b4 Bg5 38. Ng2 gxf5 39. exf5 Kd5 40. Bb3+ Kd4 41. g4 Be8 42. h4 Be7 43. g5 hxg5 44. h5 Kc3 45. Bd1 Kxb4 46. h6 Bf8 47. h7 Bg7 48. Ne3 Kc3 49. Ng4 f6 0-1

[Event "SVK-chT1W 2122"]
[Site "Slovakia"]
[Date "2022.05.14"]
[Round "10.8"]
[White "Prochazka, Jaromir"]
[Black "Mizicka, Matus"]
[Result "1-0"]
[WhiteElo "1912"]
[BlackElo "1917"]
[PlyCount "113"]
[EventDate "2021.11.06"]
[EventType "team-tourn"]
[EventRounds "11"]
[EventCountry "SVK"]
[SourceTitle "EXT 2023"]
[Source "ChessBase"]
[SourceDate "2022.10.05"]
[SourceVersion "1"]
[SourceVersionDate "2022.10.05"]
[SourceQuality "1"]
[WhiteTeam "Bratislava Lokomotiva"]
[BlackTeam "Nitra NSK"]
[WhiteTeamCountry "SVK"]
[BlackTeamCountry "SVK"]

1. Nf3 Nf6 2. d4 g6 3. c4 Bg7 4. Nc3 0-0 5. g3 d5 6. Bg2 c6 7. 0-0 Nbd7 8. Bf4 Nb6 9. c5 Nbd7 10. Qd2 Re8 11. b4 Nh5 12. Bh6 Bh8 13. g4 Ng7 14. h3 e5 15. dxe5 Nxe5 16. Nxe5 Rxe5 17. e4 d4 18. Ne2 Qe8 19. Nxd4 Ne6 20. Nxe6 Rxe6 21. Rad1 Bf6 22. Bf4 b6 23. Bd6 Ba6 24. Rfe1 Bc4 25. g5 Bg7 26. f4 Qc8 27. e5 b5 28. Bf1 Bxf1 29. Rxf1 Re8 30. Kg2 Qf5 31. Qd3 Qe6 32. Rd2 a5 33. a3 axb4 34. axb4 Ra4 35. Qe4 Rc8 36. Rb2 Ra3 37. Rf3 Ra1 38. f5 Qd7 39. e6 fxe6 40. fxe6 Qd8 41. e7 Qd7 42. Rbf2 Raa8 43. Qf4 Qe6 44. Qf7+ Qxf7 45. Rxf7 Re8 46. Kg3 Ra3+ 47. Kg4 Raa8 48. h4 Rac8 49. h5 h6 50. gxh6 Bxh6 51. hxg6 Bg7 52. Kg5 Ra8 53. Rxg7+ Kxg7 54. Rf7+ Kg8 55. Kh6 Rac8 56. Be5 Ra8 57. Rh7 1-0

[Event "SVK-chT1W 2122"]
[Site "Slovakia"]
[Date "2022.04.24"]
[Round "9.8"]
[White "Bona, Zoltan"]
[Black "Prochazka, Jaromir"]
[Result "1-0"]
[WhiteElo "1838"]
[BlackElo "1912"]
[PlyCount "61"]
[EventDate "2021.11.06"]
[EventType "team-tourn"]
[EventRounds "11"]
[EventCountry "SVK"]
[SourceTitle "EXT 2023"]
[Source "ChessBase"]
[SourceDate "2022.10.05"]
[SourceVersion "1"]
[SourceVersionDate "2022.10.05"]
[SourceQuality "1"]
[WhiteTeam "Batorove Kosihy"]
[BlackTeam "Bratislava Lokomotiva"]
[WhiteTeamCountry "SVK"]
[BlackTeamCountry "SVK"]

1. e4 d6 2. d4 Nf6 3. Nc3 c6 4. Nf3 g6 5. Bc4 Bg7 6. 0-0 0-0 7. a3 Bg4 8. h3 Bxf3 9. Qxf3 Nbd7 10. Bb3 Qc7 11. Be3 h6 12. Rad1 e5 13. Qe2 Rae8 14. dxe5 dxe5 15. Rd3 Rd8 16. Rfd1 Nb6 17. Bc5 Rxd3 18. Qxd3 Re8 19. Qg3 Rd8 20. Rxd8+ Qxd8 21. Qxg6 Qe8 22. Be3 Kh8 23. Qxf7 Qxf7 24. Bxf7 Bf8 25. g3 Kg7 26. Bb3 Nfd7 27. f4 Kf6 28. Kf2 Nc8 29. Kf3 h5 30. f5 b6 31. Be6 1-0

[Event "SVK-chT1W 2122"]
[Site "Slovakia"]
[Date "2022.02.27"]
[Round "4.7"]
[White "Walterova, Ema"]
[Black "Prochazka, Jaromir"]
[Result "1/2-1/2"]
[WhiteElo "2013"]
[BlackElo "1926"]
[PlyCount "91"]
[EventDate "2021.11.06"]
[EventType "team-tourn"]
[EventRounds "11"]
[EventCountry "SVK"]
[SourceTitle "EXT 2023"]
[Source "ChessBase"]
[SourceDate "2022.10.05"]
[SourceVersion "1"]
[SourceVersionDate "2022.10.05"]
[SourceQuality "1"]
[WhiteTeam "Bratislava KSN"]
[BlackTeam "Bratislava Lokomotiva"]
[WhiteTeamCountry "SVK"]
[BlackTeamCountry "SVK"]

1. e4 c5 2. Nf3 e6 3. g3 Nc6 4. Bg2 Nf6 5. Qe2 Be7 6. 0-0 0-0 7. c3 d6 8. d3 Bd7 9. Be3 Qc7 10. Nbd2 Rfe8 11. d4 Ng4 12. dxc5 dxc5 13. Bf4 e5 14. Be3 Rad8 15. h3 Nxe3 16. Qxe3 Be6 17. Rfd1 Qb6 18. b3 Qa6 19. Bf1 Qb6 20. Kh2 Qc7 21. Bc4 Bxc4 22. Nxc4 b5 23. Nb2 Qa5 24. Rd5 f6 25. a4 b4 26. Nc4 Qc7 27. Rad1 bxc3 28. Qxc3 Nb4 29. R5d2 Rxd2 30. Rxd2 Nc6 31. Ne3 Bf8 32. Nf5 Rd8 33. Qc4+ Qf7 34. Rxd8 Nxd8 35. Ne3 Qxc4 36. Nxc4 Kf7 37. Kg2 Ke6 38. Kf1 Nc6 39. Ke2 Be7 40. Kd3 Bd8 41. Ne3 g6 42. Kc4 Na5+ 43. Kxc5 Nxb3+ 44. Kc4 Na5+ 45. Kb5 Nb3 46. Kc4 1/2-1/2

[Event "SVK-chT1W 1920"]
[Site "Slovakia"]
[Date "2020.02.23"]
[Round "9.8"]
[White "Prochazka, Jaromir"]
[Black "Motuzova, Marta"]
[Result "1-0"]
[WhiteElo "1934"]
[BlackElo "1767"]
[PlyCount "73"]
[EventDate "2019.10.12"]
[EventType "team-tourn"]
[EventRounds "11"]
[EventCountry "SVK"]
[SourceTitle "CBM 195 Extra"]
[Source "ChessBase"]
[SourceDate "2020.05.31"]
[SourceVersion "1"]
[SourceVersionDate "2020.05.31"]
[SourceQuality "1"]
[WhiteTeam "Bratislava Lokomotiva"]
[BlackTeam "Povazska Bystrica"]
[WhiteTeamCountry "SVK"]
[BlackTeamCountry "SVK"]

1. d4 Nf6 2. c4 g6 3. Nc3 Bg7 4. Nf3 d6 5. e4 c6 6. Be2 Bg4 7. h3 Bxf3 8. Bxf3 Nbd7 9. Be3 Qa5 10. Qd2 h5 11. Rb1 Qb4 12. Be2 Qa5 13. b4 Qd8 14. f4 h4 15. 0-0 Nh5 16. Rf3 Bh6 17. f5 Bxe3+ 18. Qxe3 gxf5 19. exf5 Ndf6 20. Bd3 Ng3 21. Re1 Qd7 22. Ne2 Nxe2+ 23. Rxe2 d5 24. c5 Qc7 25. Rf1 Rg8 26. Rfe1 0-0-0 27. Qxe7 Qxe7 28. Rxe7 Rdf8 29. b5 Rg3 30. R7e3 Rg5 31. bxc6 bxc6 32. Ba6+ Kd8 33. Rb1 Nd7 34. Rb7 Rfg8 35. Bf1 Rxf5 36. Rxa7 Rf4 37. Ra8+ 1-0

[Event "SVK-chT1W 1920"]
[Site "Slovakia"]
[Date "2020.02.22"]
[Round "8.8"]
[White "Kutny, Marian"]
[Black "Prochazka, Jaromir"]
[Result "1/2-1/2"]
[WhiteElo "1961"]
[BlackElo "1934"]
[PlyCount "110"]
[EventDate "2019.10.12"]
[EventType "team-tourn"]
[EventRounds "11"]
[EventCountry "SVK"]
[SourceTitle "CBM 195 Extra"]
[Source "ChessBase"]
[SourceDate "2020.05.31"]
[SourceVersion "1"]
[SourceVersionDate "2020.05.31"]
[SourceQuality "1"]
[WhiteTeam "Dubnica nad Vahom II"]
[BlackTeam "Bratislava Lokomotiva"]
[WhiteTeamCountry "SVK"]
[BlackTeamCountry "SVK"]

1. Nf3 d5 2. d4 Bf5 3. Bf4 e6 4. e3 Nf6 5. Bd3 Bg6 6. 0-0 Be7 7. Ne5 Nbd7 8. Nd2 Bxd3 9. Nxd3 0-0 10. c4 dxc4 11. Nxc4 Nd5 12. Bg3 N7b6 13. Qb3 a5 14. Nxb6 Nxb6 15. Nc5 Ra7 16. Rac1 Bd6 17. Bxd6 Qxd6 18. Ne4 Qd5 19. Qxd5 Nxd5 20. Nc3 c6 21. Nxd5 exd5 22. Rc5 a4 23. Rfc1 Ra6 24. R1c2 f5 25. f3 Re8 26. Kf2 Kf7 27. R5c3 Kf6 28. b3 axb3 29. Rxb3 b5 30. Rbc3 Re6 31. Rb3 Ke7 32. h4 Kd7 33. Kg3 Ke7 34. Kf4 Kf6 35. Rbc3 h6 36. g4 g5+ 37. hxg5+ hxg5+ 38. Kg3 Kg6 39. Rh2 b4 40. Rb3 Ra3 41. Rxa3 bxa3 42. Rc2 fxg4 43. Kxg4 Rxe3 44. Rxc6+ Kf7 45. Rd6 Re2 46. Kxg5 Rxa2 47. Rxd5 Ra1 48. Ra5 Ke6 49. Kf4 a2 50. d5+ Kd6 51. Kf5 Kc7 52. f4 Kb6 53. Ra8 Kc5 54. Kf6 Kxd5 55. f5 Kc4 1/2-1/2

[Event "SVK-chT1W 1920"]
[Site "Slovakia"]
[Date "2019.11.10"]
[Round "4.8"]
[White "Lelkes, Gejza"]
[Black "Prochazka, Jaromir"]
[Result "0-1"]
[WhiteElo "1476"]
[BlackElo "1918"]
[PlyCount "92"]
[EventDate "2019.10.12"]
[EventType "team-tourn"]
[EventRounds "11"]
[EventCountry "SVK"]
[SourceTitle "CBM 193 Extra"]
[Source "ChessBase"]
[SourceDate "2020.01.31"]
[SourceVersion "1"]
[SourceVersionDate "2020.01.31"]
[SourceQuality "1"]
[WhiteTeam "Orechova Poton"]
[BlackTeam "Bratislava Lokomotiva"]
[WhiteTeamCountry "SVK"]
[BlackTeamCountry "SVK"]

1. e4 c5 2. Bc4 Nc6 3. a3 Nf6 4. d3 e6 5. Nc3 d5 6. Bb5 Bd7 7. Bxc6 Bxc6 8. e5 d4 9. Nf3 dxc3 10. exf6 cxb2 11. Bxb2 gxf6 12. 0-0 h5 13. Nd2 Bd6 14. f3 Qc7 15. h3 Rh6 16. Ne4 Be5 17. Bxe5 Qxe5 18. Qd2 Rg6 19. Qf2 Bxe4 20. fxe4 Qd4 21. Rab1 b6 22. Qxd4 cxd4 23. Kh2 Rc8 24. Rb2 Rc3 25. Ra2 Ke7 26. a4 Rg5 27. Rf4 Ra5 28. g4 e5 29. Rf1 hxg4 30. hxg4 b5 31. Raa1 bxa4 32. Kg3 a3 33. Rfb1 Kf8 34. Rb8+ Kg7 35. Rb3 Rxb3 36. cxb3 Rc5 37. Kf3 Rc3 38. Rxa3 Rxd3+ 39. Ke2 Re3+ 40. Kd2 Kg6 41. Rxa7 Rxb3 42. Ra1 Re3 43. Re1 Rxe1 44. Kxe1 Kg5 45. Ke2 Kf4 46. Kd3 Kf3 0-1

[Event "SVK-chT1W 1819"]
[Site "Slovakia"]
[Date "2019.01.13"]
[Round "6.8"]
[White "Prochazka, Jaromir"]
[Black "Chlpek, Daniel"]
[Result "0-1"]
[WhiteElo "1850"]
[BlackElo "1928"]
[PlyCount "120"]
[EventDate "2018.10.27"]
[EventType "team-tourn"]
[EventRounds "11"]
[EventCountry "SVK"]
[SourceTitle "CBM 188 Extra"]
[Source "ChessBase"]
[SourceDate "2019.02.26"]
[SourceVersion "1"]
[SourceVersionDate "2019.02.26"]
[SourceQuality "1"]
[WhiteTeam "Bratislava Lokomotiva"]
[BlackTeam "Bratislava Slovan III"]
[WhiteTeamCountry "SVK"]
[BlackTeamCountry "SVK"]

1. d4 Nf6 2. c4 e6 3. Nc3 Bb4 4. Qc2 0-0 5. Nf3 c5 6. e3 Bxc3+ 7. Qxc3 cxd4 8. exd4 b6 9. Be2 Bb7 10. Bg5 h6 11. Bf4 d5 12. 0-0 dxc4 13. Bxc4 Nc6 14. Rfd1 Rc8 15. Qa3 Nd5 16. Bd6 Re8 17. Rac1 Nde7 18. Bf4 Nd5 19. Bg3 Qe7 20. Bd6 Qf6 21. Bb5 Red8 22. Bxc6 Bxc6 23. Be5 Qe7 24. Qxe7 Nxe7 25. Rc3 Bxf3 26. gxf3 Rxc3 27. bxc3 Rc8 28. Rc1 Rc4 29. a3 Nd5 30. Bb8 a6 31. Ba7 Nxc3 32. Kf1 b5 33. Ke1 Kf8 34. Kd2 Nd5 35. Bc5+ Ke8 36. Ra1 g6 37. Rg1 Kd7 38. Ra1 Kc6 39. Rg1 Rc3 40. Rg3 a5 41. f4 Rc4 42. f5 exf5 43. Rg1 b4 44. axb4 axb4 45. Rb1 Kb5 46. Rb2 Nc3 47. f3 Na4 48. Rb1 Nxc5 49. dxc5 Rxc5 50. Ra1 b3 51. Ra8 Kb4 52. Rb8+ Rb5 53. Rf8 Ka3 54. Kc1 Rc5+ 55. Kb1 Rc3 56. Rxf7 Rxf3 57. Ra7+ Kb4 58. Rb7+ Kc3 59. Rc7+ Kd4 60. Rd7+ Ke4 0-1

[Event "SVK-chT1W 1718"]
[Site "Slovakia"]
[Date "2017.10.22"]
[Round "2.8"]
[White "Prochazka, Jaromir"]
[Black "Beres, Lukas"]
[Result "0-1"]
[WhiteElo "1858"]
[BlackElo "2091"]
[PlyCount "86"]
[EventDate "2017.10.21"]
[EventType "team-tourn"]
[EventRounds "11"]
[EventCountry "SVK"]
[SourceTitle "CBM 181 Extra"]
[Source "ChessBase"]
[SourceDate "2017.12.12"]
[SourceVersion "1"]
[SourceVersionDate "2017.12.12"]
[SourceQuality "1"]
[WhiteTeam "Bratislava Lokomotiva"]
[BlackTeam "Nitra NSK"]
[WhiteTeamCountry "SVK"]
[BlackTeamCountry "SVK"]

1. e4 c6 2. d4 g6 3. f4 d6 4. c4 Bg7 5. Nf3 Nd7 6. Nc3 Qc7 7. Be2 e5 8. fxe5 dxe5 9. d5 Ngf6 10. Be3 Ng4 11. Qd2 Nxe3 12. Qxe3 Qb6 13. Qxb6 axb6 14. 0-0-0 Nc5 15. Rhf1 0-0 16. Kb1 f5 17. Nd2 Bh6 18. Nb3 Be3 19. Nxc5 Bxc5 20. Bf3 f4 21. a3 g5 22. h3 Kg7 23. Rd3 Kf6 24. Bh5 Bd4 25. Ne2 c5 26. Nc3 Bd7 27. Bg4 Be8 28. Bf5 Rf7 29. Rh1 h5 30. d6 Bxc3 31. Rxc3 Bd7 32. g4 Bxf5 33. gxf5 Rd8 34. Rd3 Rfd7 35. Rhd1 g4 36. b4 f3 37. h4 Rc8 38. b5 f2 39. Rf1 Rcd8 40. Rxf2 Rxd6 41. Rd5 Rxd5 42. cxd5 Ra8 43. Kb2 Ra5 0-1

[Event "SVK-chT1W 1516"]
[Site "Slovakia"]
[Date "2016.02.21"]
[Round "9.6"]
[White "Sukuba, Zdeno"]
[Black "Prochazka, Jaromir"]
[Result "1/2-1/2"]
[WhiteElo "2112"]
[BlackElo "1935"]
[PlyCount "41"]
[EventDate "2015.10.24"]
[EventType "team-tourn"]
[EventRounds "11"]
[EventCountry "SVK"]
[SourceTitle "EXT 2017"]
[Source "ChessBase"]
[SourceDate "2016.10.25"]
[SourceVersion "1"]
[SourceVersionDate "2016.10.25"]
[SourceQuality "1"]
[WhiteTeam "Dubnica nad Vahom"]
[BlackTeam "Bratislava Lokomotiva"]
[WhiteTeamCountry "SVK"]
[BlackTeamCountry "SVK"]

1. c4 e5 2. Nc3 Nf6 3. g3 d5 4. cxd5 Nxd5 5. Bg2 c6 6. d3 Bb4 7. Bd2 Qd6 8. Nf3 0-0 9. 0-0 Na6 10. Ne4 Qe7 11. a3 Bxd2 12. Nfxd2 f5 13. Nc3 Be6 14. Rc1 Rad8 15. Qc2 Rf6 16. b4 Nac7 17. Nc4 Bf7 18. Na5 Nxc3 19. Qxc3 Nb5 20. Qc5 Qxc5 21. bxc5 1/2-1/2

[Event "SVK-chT2A 1415"]
[Site "Slovakia"]
[Date "2015.03.08"]
[Round "11.8"]
[White "Prochazka, Jaromir"]
[Black "Macko, Peter"]
[Result "1/2-1/2"]
[WhiteElo "1945"]
[BlackElo "1900"]
[PlyCount "144"]
[EventDate "2014.10.11"]
[EventType "team-tourn"]
[EventRounds "11"]
[EventCountry "SVK"]
[SourceTitle "EXT 2016"]
[Source "ChessBase"]
[SourceDate "2015.10.08"]
[SourceVersion "1"]
[SourceVersionDate "2015.10.08"]
[SourceQuality "1"]
[WhiteTeam "Bratislava Lokomotiva"]
[BlackTeam "Bratislava KSN"]
[WhiteTeamCountry "SVK"]
[BlackTeamCountry "SVK"]

1. Nf3 Nf6 2. c4 c5 3. Nc3 Nc6 4. d4 cxd4 5. Nxd4 d5 6. cxd5 Nxd5 7. Ndb5 Nf6 8. Bf4 e5 9. Qxd8+ Kxd8 10. 0-0-0+ Bd7 11. Bg5 Be7 12. h3 a6 13. Nd6 Bxd6 14. Rxd6 Kc7 15. Rd2 Be6 16. e4 Rhd8 17. Bd3 Rac8 18. Rhd1 Nd4 19. Kb1 Kb8 20. f3 Rc5 21. Bf1 Rcc8 22. Be3 Nc6 23. Bb6 Rxd2 24. Rxd2 Nd7 25. Be3 Na5 26. Na4 Nc4 27. Bxc4 Rxc4 28. Nb6 Nxb6 29. Bxb6 Rc6 30. Rd8+ Bc8 31. Be3 Kc7 32. Rd2 Be6 33. Rd1 Rc4 34. Rc1 Rxc1+ 35. Bxc1 Bc4 36. g3 Kc6 37. Kc2 Bf1 38. h4 Bg2 39. f4 Bxe4+ 40. Kc3 Kd5 41. a3 exf4 42. Bxf4 Ke6 43. Kd4 Bc6 44. Bb8 Kf5 45. Ke3 Kg4 46. Kf2 g5 47. hxg5 Kxg5 48. Bc7 Kg4 49. Bd6 h5 50. Ke3 f5 51. Bc7 Ba4 52. Bb8 h4 53. gxh4 Kxh4 54. Bc7 Kg4 55. Bd6 Kg5 56. Be5 Bc2 57. Kf3 Kg6 58. Ke3 Kf7 59. Kd4 Kg6 60. Ke3 Kf7 61. Kd4 Ke6 62. Bf4 Kd7 63. Kc5 Bb1 64. Bg3 Ke6 65. Bf4 Kf6 66. Kd4 Kg6 67. Ke3 Kh5 68. Bc7 Kg4 69. Bd6 Kh3 70. Kf2 Bc2 71. Bc7 Kg4 72. Ke3 Bb1 1/2-1/2

[Event "SVK-chT2A 1415"]
[Site "Slovakia"]
[Date "2015.02.01"]
[Round "7.7"]
[White "Prochazka, Jaromir"]
[Black "Vegh, Vince"]
[Result "0-1"]
[WhiteElo "1945"]
[BlackElo "1919"]
[PlyCount "70"]
[EventDate "2014.10.11"]
[EventType "team-tourn"]
[EventRounds "11"]
[EventCountry "SVK"]
[SourceTitle "EXT 2016"]
[Source "ChessBase"]
[SourceDate "2015.10.08"]
[SourceVersion "1"]
[SourceVersionDate "2015.10.08"]
[SourceQuality "1"]
[WhiteTeam "Bratislava Lokomotiva"]
[BlackTeam "Potonska Veza"]
[WhiteTeamCountry "SVK"]
[BlackTeamCountry "SVK"]

1. Nf3 Nf6 2. d4 d5 3. e3 e6 4. c4 c6 5. Nc3 Bd6 6. Qc2 Nbd7 7. cxd5 exd5 8. Bd3 h6 9. Nh4 0-0 10. Nf5 Bc7 11. Bd2 Re8 12. 0-0-0 c5 13. Nb5 c4 14. Bb4 Ba5 15. Bxa5 Qxa5 16. Nbd6 cxd3 17. Rxd3 Qd8 18. Nxe8 Nxe8 19. Rc3 Nb6 20. Kb1 Nc4 21. Ka1 Be6 22. Rc1 Qb6 23. Ng3 Qd6 24. e4 b5 25. exd5 Qxd5 26. Qe4 Qd8 27. f3 Nf6 28. Qh4 Qd5 29. b3 Nb6 30. Ne2 a5 31. Nf4 Qxd4 32. Ng6 Qd8 33. Ne5 a4 34. Rd3 Qe7 35. Nc6 Qa3 0-1

[Event "SVK-chT2A 1415"]
[Site "Slovakia"]
[Date "2014.11.08"]
[Round "3.6"]
[White "Mosny, Jaroslav"]
[Black "Prochazka, Jaromir"]
[Result "1/2-1/2"]
[WhiteElo "1998"]
[BlackElo "1945"]
[PlyCount "24"]
[EventDate "2014.10.11"]
[EventType "team-tourn"]
[EventRounds "11"]
[EventCountry "SVK"]
[SourceTitle "EXT 2016"]
[Source "ChessBase"]
[SourceDate "2015.10.08"]
[SourceVersion "1"]
[SourceVersionDate "2015.10.08"]
[SourceQuality "1"]
[WhiteTeam "Trnava Lokomotiva II"]
[BlackTeam "Bratislava Lokomotiva"]
[WhiteTeamCountry "SVK"]
[BlackTeamCountry "SVK"]

1. d4 Nf6 2. Nf3 e6 3. e3 b6 4. Bd3 Bb7 5. Nbd2 c5 6. 0-0 Nc6 7. b3 Be7 8. a3 0-0 9. Bb2 Qc7 10. c4 Rac8 11. Qe2 Rfd8 12. Rfd1 d5 1/2-1/2

[Event "SVK-chT2W 9900"]
[Site "Slovakia"]
[Date "1999.??.??"]
[Round "7.8"]
[White "Prochazka, Jaromir"]
[Black "Federic, Pavol"]
[Result "1/2-1/2"]
[WhiteElo "1940"]
[BlackElo "1943"]
[PlyCount "97"]
[EventDate "1999.11.06"]
[EventType "team"]
[EventRounds "9"]
[EventCountry "SVK"]
[SourceTitle "EXT 2005"]
[Source "ChessBase"]
[SourceDate "2004.11.15"]
[SourceVersion "1"]
[SourceVersionDate "2004.11.15"]
[SourceQuality "1"]

1. Nf3 Nf6 2. e3 g6 3. b3 Bg7 4. Bb2 0-0 5. Be2 d6 6. c4 e5 7. d3 Nc6 8. Qd2 Nd7 9. Nc3 a5 10. d4 f5 11. dxe5 Ndxe5 12. h4 h6 13. a3 Be6 14. Nd5 Ne7 15. Nd4 Bf7 16. f4 Nd7 17. Bf3 c6 18. Nc3 h5 19. Rd1 Nb6 20. a4 d5 21. c5 Nd7 22. Ba3 Re8 23. Kf2 Nf6 24. g3 Ne4+ 25. Bxe4 dxe4 26. Qc2 Qc7 27. Rd2 Nd5 28. Nxd5 Bxd5 29. Nb5 cxb5 30. Rxd5 bxa4 31. Qc4 Kh7 32. bxa4 Rad8 33. Rhd1 Qf7 34. Ke2 Rd7 35. c6 Rc7 36. Rc5 Qxc4+ 37. Rxc4 bxc6 38. Rdc1 Re6 39. Rd1 Bf6 40. Rb1 Bg7 41. Rc5 Bf8 42. Rc3 Bxa3 43. Rxa3 c5 44. Rb5 Ra6 45. Rab3 c4 46. Rc3 Kg7 47. Rd5 Kf7 48. Re5 Kf6 49. Ke1 1/2-1/2

[Event "SVK-chT2A 9899"]
[Site "Slovakia"]
[Date "1998.11.14"]
[Round "3"]
[White "Prochazka, Jaromir"]
[Black "Szitkey, Richard"]
[Result "0-1"]
[WhiteElo "1970"]
[BlackElo "1861"]
[PlyCount "58"]
[EventDate "1998.??.??"]
[EventType "team"]
[EventRounds "9"]
[EventCountry "SVK"]
[SourceTitle "EXT 2000"]
[Source "ChessBase"]
[SourceDate "1999.11.16"]
[SourceVersion "1"]
[SourceVersionDate "1999.11.16"]
[SourceQuality "1"]

1. e4 e6 2. d4 d5 3. Nd2 c5 4. Ngf3 Nc6 5. Bb5 Qb6 6. a4 Nf6 7. exd5 exd5 8. Qe2+ Be7 9. a5 Qc7 10. dxc5 0-0 11. Nb3 Re8 12. Be3 Bg4 13. 0-0-0 Rad8 14. h3 Bd7 15. Qd2 Nxa5 16. Qxa5 Qxa5 17. Nxa5 Bxb5 18. Nxb7 Rd7 19. Na5 Rc8 20. Ne5 Rdd8 21. b4 Ne4 22. Nb7 Re8 23. Rxd5 Nc3 24. Rd2 Na2+ 25. Kb1 Nxb4 26. Rd4 Nc6 27. Nxc6 Bxc6 28. Rhd1 Bxb7 29. Rd7 Bxg2 0-1

[Event "SVK-chT2A 9798"]
[Site "Slovakia"]
[Date "1997.??.??"]
[Round "?"]
[White "Hagara, Vladimir"]
[Black "Prochazka, Jaromir"]
[Result "0-1"]
[WhiteElo "2005"]
[BlackElo "2015"]
[PlyCount "54"]
[EventDate "1997.??.??"]
[EventType "team"]
[EventRounds "11"]
[EventCountry "SVK"]
[SourceTitle "EXT 2001"]
[Source "ChessBase"]
[SourceDate "2000.11.22"]
[SourceVersion "1"]
[SourceVersionDate "2000.11.22"]
[SourceQuality "1"]

1. d4 Nf6 2. c4 e6 3. Nc3 d5 4. Bg5 Be7 5. Nf3 Nbd7 6. e3 c6 7. cxd5 exd5 8. Bd3 0-0 9. 0-0 Re8 10. Qc2 h6 11. Bh4 Ne4 12. Bxe7 Qxe7 13. a3 f5 14. b4 g5 15. g3 h5 16. Rfe1 Rf8 17. h4 Ndf6 18. Ne5 Qg7 19. hxg5 Qxg5 20. Nf3 Qg7 21. Bxe4 fxe4 22. Nh4 Bg4 23. Ne2 Nh7 24. Nf4 Ng5 25. Rf1 Nf3+ 26. Kh1 Nxh4 27. gxh4 Rxf4 0-1

[Event "SVK-chT2A 9798"]
[Site "Slovakia"]
[Date "1997.??.??"]
[Round "?"]
[White "Lutter, Ladislav"]
[Black "Prochazka, Jaromir"]
[Result "1-0"]
[WhiteElo "2060"]
[BlackElo "2015"]
[PlyCount "73"]
[EventDate "1997.??.??"]
[EventType "team"]
[EventRounds "11"]
[EventCountry "SVK"]
[SourceTitle "EXT 2001"]
[Source "ChessBase"]
[SourceDate "2000.11.22"]
[SourceVersion "1"]
[SourceVersionDate "2000.11.22"]
[SourceQuality "1"]

1. d4 d5 2. c4 c6 3. Nc3 Bf5 4. Nf3 Nf6 5. e3 e6 6. Be2 dxc4 7. Bxc4 Nbd7 8. 0-0 Bd6 9. Qe2 Ne4 10. h3 g5 11. Nxe4 Bxe4 12. Nd2 Bg6 13. e4 c5 14. d5 Qf6 15. dxe6 fxe6 16. Nf3 h6 17. Bd2 Ne5 18. Bb5+ Ke7 19. Nh2 Nf7 20. Ng4 Qg7 21. Bc3 Ne5 22. Rad1 Bh5 23. f3 Bxg4 24. fxg4 Rhf8 25. Ba4 Rxf1+ 26. Rxf1 a6 27. a3 Rf8 28. Rd1 Rd8 29. Bc2 Qf6 30. Rf1 Qg7 31. Qe3 Rf8 32. Rd1 Rd8 33. b4 b6 34. Rxd6 Kxd6 35. bxc5+ bxc5 36. Ba4 Qc7 37. Bxe5+ 1-0